书目信息 |
| 题名: |
烟叶原料保障体系及基地建设研究与实践
|
|
| 作者: | 张一扬, , 李强, , 朱静娴, 著 | |
| 分册: | ||
| 出版信息: | 长春 吉林大学出版社 2018 |
|
| 页数: | 294页 | |
| 开本: | 24cm | |
| 丛书名: | ||
| 单 册: | ||
| 中图分类: | TS42 | |
| 科图分类: | ||
| 主题词: | 烟叶--yan ye--原料--保障体系--研究 , 烟叶--yan ye--原料--生产基地建设--研究 | |
| 电子资源: | ||
| ISBN: | 978-7-5692-1795-7 | |
| 000 | 01522nam0 2200337 450 | |
| 001 | 012001002903 | |
| 005 | 20140125174841.0 | |
| 010 | @a978-7-5692-1795-7@dCNY59.00 | |
| 092 | @bbwz1812kj-00436 | |
| 099 | @aCAL 012018071640 | |
| 100 | @a20180614d2018 em y0chiy50 ea | |
| 101 | 0 | @achi |
| 102 | @aCN@b220000 | |
| 105 | @aak a 000yy | |
| 106 | @ar | |
| 200 | 1 | @a烟叶原料保障体系及基地建设研究与实践@Ayan ye yuan liao bao zhang ti xi ji ji di jian she yan jiu yu shi jian@f张一扬, 李强, 朱静娴著 |
| 210 | @a长春@c吉林大学出版社@d2018 | |
| 215 | @a294页@c图@d24cm | |
| 314 | @a朱静娴(1985-),硕士,助理研究员,湖南郴州人,汉族。发表论文8篇,承担和参与科研项目6项。主要从事烟叶生产技术与管理研究。 | |
| 314 | @a李强(1982-),博士,讲师,主要从事作物生理生态与烟草品质生态方面的研究。 | |
| 314 | @a朱静娴(1985-),硕士、助理研究员。发表论文8篇,承担和参与科研项目6项。 | |
| 320 | @a有书目 (第289-294页) | |
| 330 | @a本书对烟叶风格特征及质量特点进行评价指标体系和评价模型研究。采用多元统计方法、田间试验和数理统计相结合的方法以及田间跟踪、地统计学和多元统计方法以达到为我国烟叶原料保障体系和基地建设运行提出理论依据和可操作的案例、为烟叶生产和管理提供借鉴的目的。 | |
| 606 | 0 | @a烟叶@Ayan ye@x原料@x保障体系@x研究 |
| 606 | 0 | @a烟叶@Ayan ye@x原料@x生产基地建设@x研究 |
| 690 | @aTS42@v5 | |
| 701 | 0 | @a张一扬,@Azhang yi yang@f1985-@4著 |
| 701 | 0 | @a李强,@Ali qiang@f1982-@4著 |
| 701 | 0 | @a朱静娴,@Azhu jing xian@f1985-@4著 |
| 801 | 2 | @aCN@b北京卓展@c20191020 |
| 905 | @b1204701-4@dTS42@e10@f4 | |
| 烟叶原料保障体系及基地建设研究与实践/张一扬, 李强, 朱静娴著.-长春:吉林大学出版社,2018 |
| 294页:图;24cm |
| ISBN 978-7-5692-1795-7:CNY59.00 |
| 本书对烟叶风格特征及质量特点进行评价指标体系和评价模型研究。采用多元统计方法、田间试验和数理统计相结合的方法以及田间跟踪、地统计学和多元统计方法以达到为我国烟叶原料保障体系和基地建设运行提出理论依据和可操作的案例、为烟叶生产和管理提供借鉴的目的。 |
| ● |
| 相关链接 |
|
|
|
|
正题名:烟叶原料保障体系及基地建设研究与实践
索取号:TS42/10
 
预约/预借
| 序号 | 登录号 | 条形码 | 馆藏地/架位号 | 状态 | 备注 |
| 1 | 1204701 | 212047015 | 第二样本阅览室/ [索取号:TS42/10] | 在馆 | |
| 2 | 1204702 | 212047024 | 第三借阅区/ [索取号:TS42/10] | 在馆 | |
| 3 | 1204703 | 212047033 | 第三借阅区/ [索取号:TS42/10] | 在馆 | |
| 4 | 1204704 | 212047042 | 第三借阅区/ [索取号:TS42/10] | 在馆 |